00903nam a2200241 i 450000100060000000300090000600500170001500700030003200800410003502000180007608000260009408000270012010000340014724500810018126000600026230000360032249000740035865000350043265100500046771000380051783000740055585200320062916455ES-MaACL20240527195133.0t|000922s1974 sp ||||1| spa d a84-235-0247-3 a355.483(460)"778"(04) a9.460"711/1492"(093.3)1 aJimeno Jurio, José María.11a¿Dónde fue la batalla "de Roncesvalles"? / cJosé María Jimeno Jurio. aPamplona : bInstitución Príncipe de Viana, c1974. a198 p., [1] h. pleg. ; c22 cm.1 aColección histórica de la Institución Príncipe de Viana ; v314aRoncesvalles, Batalla de, 778. 4aEspaña-xHistoria-y0711-1492, Reconquista.2 aInstitución Príncipe de Viana0 aColección histórica de la Institución Príncipe de Viana ; v3 aES-MaACLjG-2198 bR.119320